[Event "BCF-chT3 0506 (4NCL)"]
[Site "Birmingham"]
[Date "2006.04.30"]
[Round "10.8"]
[White "Parmar, Jyoti"]
[Black "Ignacz, Rozsa"]
[Result "0-1"]
[WhiteElo "1625"]
[BlackElo "1955"]
[PlyCount "46"]
[EventDate "2005.10.22"]
[EventType "team"]
[EventRounds "11"]
[EventCountry "ENG"]
[SourceTitle "EXT 2007"]
[Source "ChessBase"]
[SourceDate "2006.11.23"]
[SourceVersion "1"]
[SourceVersionDate "2006.11.23"]
[SourceQuality "1"]
[WhiteTeam "Hilsmark Coventry"]
[BlackTeam "Slough Sharks III"]
[WhiteTeamCountry "ENG"]
[BlackTeamCountry "ENG"]

1. e4 c6 2. d4 d5 3. e5 Bf5 4. Nc3 e6 5. Nf3 h6 6. Be2 c5 7. Be3 c4 8. 0-0 Nc6 9. b3 Bb4 10. Bd2 Bxc3 11. Bxc3 b5 12. Qd2 a5 13. Bb2 Nge7 14. a4 Qb6 15. axb5 Qxb5 16. Ba3 0-0 17. Rfb1 Rfb8 18. bxc4 Qxb1+ 19. Rxb1 Rxb1+ 20. Ne1 dxc4 21. Bxc4 Nb4 22. Bb3 Ned5 23. Kf1 Rc8 0-1

[Event "BCF-chT3 0506 (4NCL)"]
[Site "Birmingham"]
[Date "2006.03.04"]
[Round "7.7"]
[White "Taylor Bowd, Philip J"]
[Black "Parmar, Jyoti"]
[Result "1-0"]
[WhiteElo "2063"]
[BlackElo "1625"]
[PlyCount "47"]
[EventDate "2005.10.22"]
[EventType "team"]
[EventRounds "11"]
[EventCountry "ENG"]
[SourceTitle "EXT 2007"]
[Source "ChessBase"]
[SourceDate "2006.11.23"]
[SourceVersion "1"]
[SourceVersionDate "2006.11.23"]
[SourceQuality "1"]
[WhiteTeam "Wessex II"]
[BlackTeam "Hilsmark Coventry"]
[WhiteTeamCountry "ENG"]
[BlackTeamCountry "ENG"]

1. Nf3 d5 2. d4 Nf6 3. g3 Nc6 4. Bg2 Bf5 5. c3 e6 6. 0-0 Bd6 7. Nbd2 a5 8. Re1 0-0 9. Nh4 Re8 10. f3 Bg6 11. Nxg6 hxg6 12. e4 e5 13. exd5 Nxd5 14. Nc4 Qf6 15. dxe5 Bc5+ 16. Kh1 Qe6 17. f4 Nde7 18. Qe2 Nf5 19. Ne3 Rad8 20. Nxf5 Qxf5 21. Be4 Qd7 22. Be3 Be7 23. Rad1 Qe6 24. a3 1-0

[Event "BCF-chT3 0506 (4NCL)"]
[Site "Birmingham"]
[Date "2005.11.20"]
[Round "4.8"]
[White "Owens, Megan R"]
[Black "Parmar, Jyoti"]
[Result "1/2-1/2"]
[WhiteElo "1645"]
[BlackElo "1625"]
[PlyCount "32"]
[EventDate "2005.10.22"]
[EventType "team"]
[EventRounds "11"]
[EventCountry "ENG"]
[SourceTitle "EXT 2007"]
[Source "ChessBase"]
[SourceDate "2006.11.23"]
[SourceVersion "1"]
[SourceVersionDate "2006.11.23"]
[SourceQuality "1"]
[WhiteTeam "Bristol II"]
[BlackTeam "Hilsmark Coventry"]
[WhiteTeamCountry "ENG"]
[BlackTeamCountry "ENG"]

1. d4 d5 2. c4 c6 3. e3 Nf6 4. Nf3 Bf5 5. Nbd2 e6 6. b3 Bb4 7. Be2 Qa5 8. 0-0 Nbd7 9. Ne5 Bc3 10. Nxd7 Nxd7 11. Rb1 Qxa2 12. e4 dxe4 13. Bb2 Bxb2 14. Qc2 e3 15. Rxb2 Qa3 16. Nb1 Bxc2 1/2-1/2

[Event "BCF-chT4 0304 (4NCL)"]
[Site "West Bromwich "]
[Date "2004.05.30"]
[Round "8.6"]
[White "Whitfield, Craig M"]
[Black "Parmar, Jyoti"]
[Result "1-0"]
[WhiteElo "1336"]
[BlackElo "928"]
[PlyCount "58"]
[EventDate "2003.10.??"]
[EventType "team"]
[EventRounds "11"]
[EventCountry "ENG"]
[SourceTitle "EXT 2005"]
[Source "ChessBase"]
[SourceDate "2004.11.15"]
[SourceVersion "1"]
[SourceVersionDate "2004.11.15"]
[SourceQuality "1"]
[WhiteTeam "Cheddleton"]
[BlackTeam "Hilsmark Kingfisher III"]
[WhiteTeamCountry "ENG"]
[BlackTeamCountry "ENG"]

1. e4 c5 2. Nf3 d6 3. d4 cxd4 4. Nxd4 Nf6 5. Nc3 g6 6. Be3 Bg7 7. f3 0-0 8. Qd2 Nc6 9. 0-0-0 Nxd4 10. Bxd4 Be6 11. Be3 Re8 12. Bh6 Bh8 13. Bb5 Nd7 14. h3 a6 15. Bxd7 Qxd7 16. f4 Red8 17. Rhg1 Rac8 18. Nd5 Rc5 19. Bg5 Re8 20. Qe2 b5 21. Bh4 a5 22. Bf2 Rc6 23. a3 b4 24. axb4 axb4 25. Qf3 Rec8 26. Rd2 Qb7 27. Qe2 b3 28. c3 Qa8 29. Qd3 Qa4 1-0

[Event "BCF-chT4 0304 (4NCL)"]
[Site "West Bromwich "]
[Date "2004.01.25"]
[Round "4.6"]
[White "Parmar, Jyoti"]
[Black "Richardson, Joe M"]
[Result "0-1"]
[WhiteElo "928"]
[BlackElo "1536"]
[PlyCount "52"]
[EventDate "2003.10.??"]
[EventType "team"]
[EventRounds "11"]
[EventCountry "ENG"]
[SourceTitle "EXT 2005"]
[Source "ChessBase"]
[SourceDate "2004.11.15"]
[SourceVersion "1"]
[SourceVersionDate "2004.11.15"]
[SourceQuality "1"]
[WhiteTeam "Hilsmark Kingfisher III"]
[BlackTeam "Sussex Mindsports"]
[WhiteTeamCountry "ENG"]
[BlackTeamCountry "ENG"]

1. e4 e5 2. Nf3 Nc6 3. Bc4 Bc5 4. c3 Nf6 5. d4 exd4 6. cxd4 Bb4+ 7. Nc3 Nxe4 8. Qd3 Bxc3+ 9. bxc3 d5 10. Bb5 0-0 11. 0-0 Bf5 12. Qe3 Re8 13. Ne5 Qf6 14. f3 Nd6 15. Bxc6 bxc6 16. Qf4 Nb5 17. Bd2 c5 18. Rab1 Bxb1 19. Qxf6 gxf6 20. Rxb1 Na3 21. Rb3 fxe5 22. Rxa3 cxd4 23. cxd4 exd4 24. Rd3 c5 25. Rb3 c4 26. Rb5 c3 0-1